| 000 | 01955nam a2200397 i 4500 | ||
|---|---|---|---|
| 001 | 194889 | ||
| 003 | SpMaBN | ||
| 005 | 20250804062703.0 | ||
| 008 | 240520s2004 sp | ||| ||spa | ||
| 016 | 7 |
_abimoBNE20040198895 _2SpMaBN |
|
| 017 |
_aM 51589-2003 _bOficina Depósito Legal Madrid |
||
| 020 | _a8420465283 | ||
| 035 | _a(OCoLC)54519930 | ||
| 040 |
_aSpMaBN _bspa _cSpMaBN _erdc |
||
| 080 | _a821.111(73)-31"19" | ||
| 100 |
_aMiano, Sarah Emily _9236513 _eaut |
||
| 240 | 1 | 0 |
_aEncyclopaedia of Snow _lEspañol |
| 245 | 1 | 0 |
_aEnciclopedia de la nieve / _cSarah Emily Miano ; traducción de Gabriela Bustelo |
| 260 |
_a[Madrid] : _bAlfaguara, _c[2004] |
||
| 300 |
_a250 páginas ; _c23 cm |
||
| 336 |
_2rdacontent _atexto |
||
| 337 |
_2rdamedia _asin mediación |
||
| 338 |
_2rdacarrier _avolumen |
||
| 520 | _aA primera vista parece un diccionario en el que sólo aparecen definiciones relacionadas con la nieve. Pero tras los paisajes y las tormentas invernales van apareciendo historias que encierran una clave oculta. Poco a poco, el misterio se irá desvelando. Amantes que vagan por las tierras del hielo, adolescentes solitarias y princesas altivas. Como en el juego de las cajas chinas, cada secreto encierra otro más profundo. Sólo cuando llegues al corazón, lograrás recomponer el puzzle. | ||
| 594 | _aTraducción de: Encyclopaedia of Snow | ||
| 655 | 0 |
_aNovelas _9234319 |
|
| 700 |
_9195639 _aBustelo, Gabriela _etrl |
||
| 852 |
_aES-MaACL _cDEPOJ _jN-9928 _hDonación: José Lázaro García _xEncuadernación rústica con solapas _9205850 |
||
| 903 |
_9234219 _aLázaro García, José _ednr |
||
| 942 |
_cMONOGRAFIA _n0 |
||
| 999 |
_c194889 _d194889 |
||